1574 1100 1705 1931 1072 1887 1409 1109 1742 1734 1285 1599 1832 1062 1346 1032 1884 1008 1805 1367 1640 1352 1803 1334 1353 1681 1609 1705 1020 1478 1418 1286 1643 1891 1233 1325 1512 1923 1140 1860 1325 1131 1821 1376 1604 1207 1364 1324 1788 1455 1473 1894 1459 1300 1072 1092 1701 1332 1060 1363 1562 1686 1063 1934 1225 1872 1170 1685 1580 1228 1146 1051 1545 1369 1092 1269 1301 1580 1966 1215 1904 1890 1852 1703 1560 1084 1252 1553 1519 1403 1653 1265 1627 1319 1360 1784 1622 1337 1248 BCNSPRNW ULIB Ver.6.0+V

เปลี่ยนเป็นภาษาไทย

Change to English
 แสดงรายละเอียดบรรณานุกรม
  กลับหน้าหลัก

Brief Record : Get Marc (ISO 2709) : E-mail record : QR code < ปิดหน้าต่าง
LEADER : 00000nam 2200000uu 4500
001    13399115151
003     ULIB
008    110627s2550||||th 000 0 tha d
020    9749916484
090    นว.^bซ534ข
245 00 ขอที่ว่างข้างๆเธอ/^cซ
250    พิมพ์ครั้งที่ 1
260    กรุงเทพฯ :^bแพรวสำนักพิมพ์,^c2550
300    391 หน้า
710 1  แพรวสำนักพิมพ์
945    ^p275^l0^i021042
995    ทศพร
999 ^a ใช้งานได้ทุกระบบ
รายการนี้ยังไม่มีแท็ก
คุณยังไม่ได้ล็อกอิน คุณสามารถมีกิจกรรมร่วมกับเว็บไซต์ได้ แต่ต้องล็อกอินก่อน ::
  ล็อกอิน

รายการสื่อสารสนเทศ

ลำดับที่ ประเภท เลขเรียก/บาร์โค้ด สถานที่ สถานะ
1. นวนิยาย
นวนิยาย
นว. ซ534ข ฉ.1 
  Barcode: 021042
ห้องสมุดวิทยาเขตสวรรค์ประชารักษ์
►นวนิยาย
บนชั้น
  ขอยืม

BibComment


ยังไม่เคยถูกคอมเมนท์

คอมเมนท์ทรัพยากรรายการนี้
  คอมเมนท์: ขอที่ว่างข้างๆเธอ ซ


 Copyright 2026. Bcnsprnw @Library